Normal view MARC view
  • Stream of consciousness fiction

Entry Genre/Form Term

Number of records used in: 1

001 - CONTROL NUMBER

  • control field: 153567

003 - CONTROL NUMBER IDENTIFIER

  • control field: DLC

005 - DATE AND TIME OF LATEST TRANSACTION

  • control field: 20260413085727.0

008 - FIXED-LENGTH DATA ELEMENTS

  • fixed length control field: 141201|| anznnbabn |a ana c

010 ## - LIBRARY OF CONGRESS CONTROL NUMBER

  • LC control number: gf2014026561

040 ## - CATALOGING SOURCE

  • Original cataloging agency: IlChALCS
  • Language of cataloging: eng
  • Transcribing agency: DLC
  • Subject heading/thesaurus conventions: lcgft
  • Modifying agency: DLC

155 ## - HEADING--GENRE/FORM TERM

  • Genre/form term: Stream of consciousness fiction

555 ## - SEE ALSO FROM TRACING--GENRE/FORM TERM

  • Control subfield: g
  • Genre/form term: Psychological fiction

670 ## - SOURCE DATA FOUND

  • Source citation: Wheeler, K. Literary terms and definitions, via WWW, Jan. 3, 2013
  • Information found: (stream of consciousness: writing in which a character's perceptions, thoughts, and memories are presented in an apparently random form, without regard for logical sequence, chronology, or syntax. Often such writing makes no distinction between various levels of reality--such as dreams, memories, imaginative thoughts or real sensory perception. William James coined the phrase "stream of consciousness" in his Principles of Psychology (1890). The technique has been used by several authors and poets: Katherine Anne Porter, Dorothy Richardson, James Joyce, Virginia Woolf, T. S. Eliot, and William Faulkner)

670 ## - SOURCE DATA FOUND

  • Source citation: Britannica online academic edition, Nov. 5, 2012
  • Information found: (stream of consciousness, narrative technique intended to render the flow of myriad impressions--visual, auditory, physical, associative, and subliminal--that impinge on the consciousness of an individual and form part of his awareness along with the trend of his rational thoughts; the stream-of-consciousness novel commonly uses the narrative techniques of interior monologue.)

680 ## - PUBLIC GENERAL NOTE

  • Explanatory text: Fiction that features a character's perceptions, thoughts, and memories in an apparently random order.
Devinim Yazılım Eğitim Danışmanlık tarafından Koha'nın orjinal sürümü uyarlanarak geliştirilip kurulmuştur.